| 000 | 00882nam a2200277Ia 4500 | ||
|---|---|---|---|
| 001 | Para_10498 | ||
| 003 | CHAP | ||
| 008 | 220125s2019 xx 000 0 und d | ||
| 010 | _a204428 | ||
| 020 | _a978 - 84 - 282 - 1532 - 9 | ||
| 040 | _cCHAP | ||
| 082 | _aPA 635 O88 2019 | ||
| 100 |
_aOtt Steve _9170358 |
||
| 245 |
_aManual de cultivo de Hortalizas : _b Como cultivar y cosechar las hortalizas de su Jardín o su huerto / _c Steve Ott; traducción Cristina Rodríguez-Roca |
||
| 260 |
_aEspaña : _b OMEGA |
||
| 500 | _aIncluye índice y referencias bibliografías | ||
| 650 |
_aHortalizas _x Manuales _9170359 |
||
| 700 |
_aI.Rodríguez _xRoca, Cristina, tr. _9170360 |
||
| 901 | _aPA 635 O88 2019 | ||
| 902 | _aM | ||
| 905 | _a5232202019 sp A 8000000300spa06 | ||
| 910 | _a2019 | ||
| 942 | _cPARA | ||
| 942 |
_cPARA _d1 |
||
| 999 |
_c204428 _d204428 |
||